| 000 | 00385 a2200157 4500 | ||
|---|---|---|---|
| 001 | 150540 | ||
| 040 | _cEscola São Tomás de Aquino | ||
| 100 | _aPENTEADO, Maria Heloisa | ||
| 240 | 1 | 0 |
_aOs músicos de Bremen _lpor |
| 245 | 1 | 0 | _aOs músicos de Bremen |
| 300 | _a16 | ||
| 362 | 0 | _a2012 | |
| 440 | 1 | _aÁtica | |
| 697 | _aContos de Fadas e Clássicos da Literatura | ||
| 942 | _cBK | ||
| 999 |
_c150540 _d150540 |
||